Biochemistry (Record no. 84634)
[ view plain ]
| 000 -LEADER | |
|---|---|
| fixed length control field | 00803nam a2200169 a 4500 |
| 008 - FIXED-LENGTH DATA ELEMENTS--GENERAL INFORMATION | |
| fixed length control field | 120416s2000 ||||||||||||||||| || u |
| 020 ## - INTERNATIONAL STANDARD BOOK NUMBER | |
| International Standard Book Number | 0074603221 |
| 050 ## - LIBRARY OF CONGRESS CALL NUMBER | |
| Classification number | QH 345 Ras |
| 100 ## - MAIN ENTRY--PERSONAL NAME | |
| Personal name | Rastogi, S. C |
| 245 10 - TITLE STATEMENT | |
| Title | Biochemistry |
| 260 ## - PUBLICATION, DISTRIBUTION, ETC. | |
| Place of publication, distribution, etc. | New Delhi |
| Name of publisher, distributor, etc. | Tata McGraw-Hill |
| Date of publication, distribution, etc. | 2000 |
| 350 ## - | |
| -- | 0.00 |
| 650 ## - SUBJECT ADDED ENTRY--TOPICAL TERM | |
| Topical term or geographic name entry element | BIOCHEMISTRY |
| 995 ## - | |
| -- | MAIN LIBRARY OPEN ACCESS |
| -- | 0.00 |
| -- | 732162 |
| -- | CBU-MAIN LIBRARY (Kitwe) |
| -- | 1 |
| -- | 25.00 |
| -- | QH 345 Ras |
| -- | 1 |
| -- | AVAILABLE |
| -- | Aug 24, 2006 |
| -- | 029975 |
| -- | Main Library Open Access Collection |
| 995 ## - | |
| -- | BINDERY (DAMAGED) |
| -- | 0.00 |
| -- | 732161 |
| -- | CBU-MAIN LIBRARY (Kitwe) |
| -- | 2 |
| -- | 25.00 |
| -- | QH 345 Ras |
| -- | 2 |
| -- | DAMAGED |
| -- | 029976 |
| -- | Main Library Open Access Collection |
| 995 ## - | |
| -- | BINDERY (DAMAGED) |
| -- | 0.00 |
| -- | 732163 |
| -- | CBU-MAIN LIBRARY (Kitwe) |
| -- | 3 |
| -- | 25.00 |
| -- | QH 345 Ras |
| -- | 3 |
| -- | DAMAGED |
| -- | 029974 |
| -- | Main Library Open Access Collection |
| 999 ## - | |
| -- | 84634 |
| -- | 84634 |
No items available.